| 000 | 00417nab a2200145Ia 4500 | ||
|---|---|---|---|
| 003 | ES-SlBCS | ||
| 005 | 20210601150720.0 | ||
| 008 | 140529s2009 xxu||||| |||| 00| 0 spa d | ||
| 041 | _aspa | ||
| 100 | 1 |
_aBellella, Antonio _938629 |
|
| 245 | 0 | 0 |
_aSituarse ante y desde la historia _c Antonio Bellella |
| 650 | 0 | 4 |
_aHistoria _92130 |
| 773 | 0 |
_tVida Religiosa _gvol. 107, nº. 8, 2009, págs. 33-38 _wRev493 |
|
| 942 | _cAR | ||
| 999 |
_c745436 _d745436 |
||